header

The Defence of Guenevere and other poems (Record no. 127682)

MARC details
000 -LEADER
fixed length control field 01206nam a2200301Ia 4500
100 1# - MAIN ENTRY--AUTHOR NAME
Personal name Morris, William,
245 14 - TITLE STATEMENT
Title The Defence of Guenevere and other poems
260 ## - PUBLICATION, DISTRIBUTION, ETC. (IMPRINT)
Place of publication London :
Name of publisher Electric Book Co.,
Year of publication c2001.
300 ## - PHYSICAL DESCRIPTION
Number of Pages 146 p.
500 ## - GENERAL NOTE
General note "1858."
General note "Transcribed from Prose and Poetry (1856-1870) by William Morris, Oxford University Press 1920."
650 #0 - SUBJECT ADDED ENTRY--TOPICAL TERM
Topical Term Arthurian romances
Topical Term English poetry
856 40 - ELECTRONIC LOCATION AND ACCESS
Uniform Resource Identifier http://site.ebrary.com/lib/rucke/Doc?id=2001744

No items available.

© 2026 Rongo University
Contact us: librarian | system librarian | Rongo university